000
00317pab a2200145 454500
008
180718b1999 xxu||||| |||| 00| 0 eng d
100
_a
Kamdar, Seema
245
_a
At what cost, Dabhol?
260
_c
1999
300
_a
p.9
362
_a
9 Jun
650
_a
Power industry
773
_a
Statesman
909
_a
42165
999
_c
42165
_d
42165